عرض عادي عرض مارك
  • United States

مدخل إسم جغرافي

عدد التسجيلات المستخدمة في: 1

001 - رقم الضبط

  • حقل الضبط: 40455

003 - معرف رقم الضبط

  • حقل الضبط: OSt

005 - تاريخ ووقت أخر عملية

  • حقل الضبط: 20131118161327.0

008 - عناصر بيانات ثابتة الطول

  • حقل تحكم ثابت الطول: 131118|||a|||||| | ||| d

040 ## - مصدر الفهرسة

  • هيئة الفهرسة الأصلية: OSt
  • وكالة الكتابة: OSt

151 ## - مدخل-- مصطلح تاريخي

  • اسم جغرافي: United States
  • تفريع عام: Social policy.

670 ## - بيانات المصدر موجوده

  • الاستشهاد بالمصدر: Work cat.: (OSt)0: Pfeffermann, D. 40451, Essential Methods for Design Based Samples Surveys /, c1981.